| 000 | 00464 a2200169 4500 | ||
|---|---|---|---|
| 003 | OSt | ||
| 005 | 20250610140644.0 | ||
| 008 | 250528b |||||||| |||| 00| 0 eng d | ||
| 020 | _a9788172345242 | ||
| 040 | _coclc | ||
| 082 |
_a355.02 _bTZU/A |
||
| 100 |
_aTzu, Sun _96281 |
||
| 245 | _aThe art of war / | ||
| 260 |
_aNew Delhi: _bFingerprint! Publishing, _c2014 |
||
| 300 | _a104 pages | ||
| 942 |
_2ddc _cBK _h355.02 _iTZU/A _k355.02 _mTZU/A |
||
| 999 |
_c44574 _d44574 |
||